<?xml version="1.0" encoding="UTF-8"?>
<collection xmlns="http://www.loc.gov/MARC21/slim">
 <record>
  <leader>02180nab a2200229 i 4500</leader>
  <controlfield tag="001">acta47951</controlfield>
  <controlfield tag="005">20260120084627.0</controlfield>
  <controlfield tag="008">170630s2004    hu      o     000   fre d</controlfield>
  <datafield tag="022" ind1=" " ind2=" ">
   <subfield code="a">0866-5443</subfield>
  </datafield>
  <datafield tag="040" ind1=" " ind2=" ">
   <subfield code="a">SZTE Egyetemi Kiadványok Repozitórium</subfield>
   <subfield code="b">hun</subfield>
  </datafield>
  <datafield tag="041" ind1=" " ind2=" ">
   <subfield code="a">fre</subfield>
  </datafield>
  <datafield tag="100" ind1="1" ind2=" ">
   <subfield code="a">Kedves Miklós</subfield>
  </datafield>
  <datafield tag="245" ind1="1" ind2="0">
   <subfield code="a">Études expérimentales sur quelques grains de pollen des Amentiferes</subfield>
   <subfield code="h">[elektronikus dokumentum] /</subfield>
   <subfield code="c"> Kedves Miklós</subfield>
  </datafield>
  <datafield tag="260" ind1=" " ind2=" ">
   <subfield code="c">2004</subfield>
  </datafield>
  <datafield tag="300" ind1=" " ind2=" ">
   <subfield code="a">73-86</subfield>
  </datafield>
  <datafield tag="490" ind1="0" ind2=" ">
   <subfield code="a">Plant cell biology and development</subfield>
   <subfield code="v">16</subfield>
  </datafield>
  <datafield tag="520" ind1="3" ind2=" ">
   <subfield code="a">Les altérations morphologiques dues à une température élevée (200 °C) maintenue pendant 10 minutes, 1 heure, 5 heures et 10 heures ont été étudiées sur les grains de pollen de Quercus robur, Quercus cerris, Salix alba, Alnus glutinosa, Corylus avellana, Corylus colurrui et Betula verrucosa. Les grains de pollen de trois échantillons d'une espèce (Quercus robur) ont fait l'objet des prélèvements suivants: 1. Grains de pollen récoltés le même jour dans des localités différentes (2,3). 2. Grains de pollen d'une seule localité mais à des dates différentes (1,2). Des altérations qualitatives et quantitatives ont été observées. Le rapport P/E est un caractère important pour les Longiaxes, étant donné qu'au cours de la sédimentation ce caractère peut changer de façon remarquable et causer des problèmes pour la détermination des grains de pollen fossiles. En général, les altérations qui produisent les formes secondaires concernent: 1. La morphologie fondamentale des grains de pollen. 2. Le système moléculaire de la sporopollénine et de l'endexine. 3. La maturité du grain de pollen y compris le degré de polymérisation des systèmes moléculaires. 4. Les conditions écologiques, et en premier le climat, pendant l'ontogénèse des grains de pollen. 5. La distance entre les dates de prélèvement et celles des expériences.</subfield>
  </datafield>
  <datafield tag="650" ind1=" " ind2="4">
   <subfield code="a">Természettudományok</subfield>
  </datafield>
  <datafield tag="650" ind1=" " ind2="4">
   <subfield code="a">Biológiai tudományok</subfield>
  </datafield>
  <datafield tag="695" ind1=" " ind2=" ">
   <subfield code="a">Palinológia - barkafélék, Sejtbiológia - molekuláris</subfield>
  </datafield>
  <datafield tag="700" ind1="0" ind2="1">
   <subfield code="a">Frey Krisztina</subfield>
   <subfield code="e">aut</subfield>
  </datafield>
  <datafield tag="856" ind1="4" ind2="0">
   <subfield code="u">http://acta.bibl.u-szeged.hu/47951/1/plant_cell_016_073-086.pdf</subfield>
   <subfield code="z">Dokumentum-elérés </subfield>
  </datafield>
 </record>
</collection>
